000 00614nam a2200181 a 4500
005 20140310183612.0
008 120831s19uu xx 00 eng d
020 _a9780805860221
050 _aHD 58.82
_b.Se473 2008
245 _aWork group learning :
_bunderstanding, improving and assessing how groups learn in organizations /
_cedited by Valerie Sessa and Manuel London.
260 _aNew York :
_bLawrence Erlbaum Associates,
_c2008.
300 _a446 p. :
_c23 cm.
521 _aBSBA
650 _aOrganizational learning.
650 _aTeams in the workplace
942 _cBK
_2lcc
_kFOR
999 _c25270
_d25270